00409nam a22001337a 4500003000400000008004100004082001400045100002100059245004200080250002200122260003300144300001200177650008600189OSt201231b ||||| |||| 00| 0 eng d a615.7 BRB aBrahmankar, D.M. aBiopharmaceutics and Pharmacokinetics a3rdbReprint 2017 aNew DelhibVallabh Prakashan axvi,544 aPharmaceutics- Drug Delivery Systems,Pharmaceutical Engineering regulraty Science